000 00401nam a22001217a 4500
082 _a220 PRO
100 _aHINA,MUNEEBA,ZOFISHAN
_971550
245 _aPR-SOF-1328-REAL TIME DETECTION TRACKING AND CLASSIFICATION OF HUMAN BEINGS USING BEAGLEBOARD xM
260 _aISLAMABAD
_bNUST COLLEGE OF EME
_c2014
650 _a DE-ELECT-32
_971551
700 _aDR SHOAB A KHAN , KAMRAN AZIZ
_971552
942 _cCR
999 _c578009
_d578009